000 01228cam a22003497a 4500
003 CHAP
005 20220329133441.0
008 971013s1991 r 00010 d
010 _a6540
011 _a7512
035 _a6735
040 _cCHAP
090 _aTesis
100 0 0 _aReyes González, Reyna.
_996849
245 1 3 _aLa planeación de cultivos a través de la programación lineal; estudio de caso
_b: Chalco, Estado de México
260 _aChapingo, Méx. :
_bEl autor,
_c1991
300 _a117 h.
502 _aTesis (Ing. Agr. Esp. en Economía Agrícola) -- UACH. Departamento de Economía Agrícola
590 _aALEPH
_b10
_c20130110
_lUCH01
_h1219
590 _aBATCH-UPD
_b10
_c20130109
_lUCH01
_h2359
590 _aBATCH-UPD
_b10
_c20130110
_lUCH01
_h1948
590 _aBATCH-UPD
_b10
_c20130409
_lUCH01
_h1934
590 _aBATCH-UPD
_b10
_c20130410
_lUCH01
_h1310
590 _aBATCH-UPD
_b10
_c20130914
_lUCH01
_h1116
590 _aCONVERSION
_b10
_c20130109
_lUCH01
_h1305
650 1 4 _aCultivos
_zMéxico (Edo.).
_930364
650 1 4 _aPolítica agrícola
_zMéxico (Edo.).
_990387
650 1 4 _aProgramación lineal.
_992371
901 _aBK
942 _cTESIS
949 _bBC
_cTES
_d-16345
_eTS1
_h25635
_i6735
_si
999 _c6540
_d6540